Pressure vessels : (Record no. 8331)
[ view plain ]
| 000 -LEADER | |
|---|---|
| fixed length control field | 02378nac a22003131u 4500 |
| 010 ## - LIBRARY OF CONGRESS CONTROL NUMBER | |
| LC control number | 2004301773 |
| 020 ## - INTERNATIONAL STANDARD BOOK NUMBER | |
| International Standard Book Number | 0071436731 |
| 035 ## - SYSTEM CONTROL NUMBER | |
| System control number | (OCoLC)ocm55950309 |
| 082 00 - DEWEY DECIMAL CLASSIFICATION NUMBER | |
| Classification number | 681.76041 |
| Item number | ELL |
| 090 ## - LOCALLY ASSIGNED LC-TYPE CALL NUMBER (OCLC); LOCAL CALL NUMBER (OCLC) | |
| -- | 8331 |
| -- | 8331 |
| 100 ## - MAIN ENTRY--PERSONAL NAME | |
| Personal name | Ellenberger, J. Philli |
| 245 10 - TITLE STATEMENT | |
| Title | Pressure vessels : |
| Remainder of title | the ASME code simplified / |
| Statement of responsibility, etc | J. Phillip Ellenberger, Robert Chuse, Bryce E. Carson, Sr. |
| 250 ## - EDITION STATEMENT | |
| Edition statement | 8th ed. |
| 260 ## - PUBLICATION, DISTRIBUTION, ETC. (IMPRINT) | |
| Place of publication, distribution, etc | New York : |
| Name of publisher, distributor, etc | McGraw-Hill,2004. |
| Date of publication, distribution, etc | c2004. |
| 300 ## - PHYSICAL DESCRIPTION | |
| Extent | xi, 319 p. : |
| Other physical details | ill., map ; |
| Dimensions | 24 cm. |
| 500 ## - GENERAL NOTE | |
| General note | Rev. ed. of: Pressure vessels / Robert Chuse, Bryce E. Carson, Sr. 7th ed. |
| 500 ## - GENERAL NOTE | |
| General note | Distributer: Al-Ahram |
| 504 ## - BIBLIOGRAPHY, ETC. NOTE | |
| Bibliography, etc | Includes bibliographical references (p. 311-312) and index. |
| 505 0# - FORMATTED CONTENTS NOTE | |
| Formatted contents note | Origin, development, and jurisdiction of the ASME Code -- Descriptive guide to the ASME Code section VIII, division 1, pressure vessels -- Design for safety -- Guide to quality control systems for ASME Code vessels : a practical guide to writing and implementing a quality control manual -- Inspection and quality control of ASME Code vessels -- Welding, welding procedure, and operator qualification -- Nondestructive examination -- ASME Code section VIII, division 2, alternative rules,and division 3, alternative rules for high pressure vessels -- Power boilers : guide to the ASME Code section 1, power boilers -- Nuclear vessels and required quality assurance systems -- Department of transportation requirements for cargo tanks -- ISO 9000 quality assurance requirements -- Cylinder volume tables and diagrams -- Circumferences of cylinders -- Decimal equivalents and theoretical weights of steel plates -- Pipe wall thicknesses -- Dry saturated steam temperatures -- Metric (SI) units ; English and metric conversions. |
| 511 ## - PARTICIPANT OR PERFORMER NOTE | |
| Participant or performer note | Catalogued by: Sara |
| 650 #0 - SUBJECT ADDED ENTRY--TOPICAL TERM | |
| Topical term or geographic name as entry element | Pressure vessels |
| General subdivision | Standards |
| Geographic subdivision | United States. |
| 700 1# - ADDED ENTRY--PERSONAL NAME | |
| Personal name | Chuse, Robert. |
| 700 1# - ADDED ENTRY--PERSONAL NAME | |
| Personal name | Carson, Bryce E. |
| 856 42 - ELECTRONIC LOCATION AND ACCESS | |
| Materials specified | Contributor biographical information |
| Uniform Resource Identifier | <a href="http://www.loc.gov/catdir/bios/mh051/2004301773.html">http://www.loc.gov/catdir/bios/mh051/2004301773.html</a> |
| 856 42 - ELECTRONIC LOCATION AND ACCESS | |
| Materials specified | Table of contents |
| Uniform Resource Identifier | <a href="http://www.loc.gov/catdir/toc/mh051/2004301773.html">http://www.loc.gov/catdir/toc/mh051/2004301773.html</a> |
| 856 42 - ELECTRONIC LOCATION AND ACCESS | |
| Materials specified | Publisher description |
| Uniform Resource Identifier | <a href="http://www.loc.gov/catdir/enhancements/fy0704/2004301773-d.html">http://www.loc.gov/catdir/enhancements/fy0704/2004301773-d.html</a> |
| 942 ## - ADDED ENTRY ELEMENTS (KOHA) | |
| Item type | Book - Borrowing |
| Call number prefix | 681.76041ELL |
| Withdrawn status | Item status | Damaged status | Not for loan | Home library | Current library | Shelving location | Date acquired | Source of acquisition | Total Checkouts | Total Renewals | Full call number | Barcode | Date last seen | Date last borrowed | Koha item type |
|---|---|---|---|---|---|---|---|---|---|---|---|---|---|---|---|
| Central Library | Central Library | First floor | 03/03/2008 | Purchase | 4 | 2 | 681.76041ELL | 000010128 | 15/07/2025 | 08/11/2017 | Book - Borrowing |